000 00376cam a22001097a 4500
008 180718b1956 xxu||||| |||| 00| 0 eng d
082 _aA72x5492
100 _aIndia. Ministry of Information and Broadcasting
245 _aSikkim looks ahead
_cby Ministry of Information and Broadcasting
260 _aNew Delhi
_bMinistry of Information and Broadcasting
_c1956
300 _a48p.
999 _c503766
_d503766